| 000 | 00335nam a22001337a 4500 | ||
|---|---|---|---|
| 020 | _a9780071072946 | ||
| 082 |
_a621.815 _bAJE/MA |
||
| 100 |
_aAjeet Singh _9695 |
||
| 245 | _aMachine drawing includes AutoCAD | ||
| 250 | _a2nd | ||
| 260 |
_aNew Delhi _bTata McGraw Hill Education Private Limited _cc2012 |
||
| 300 | _a663 | ||
| 942 | _cBK | ||
| 999 |
_c13900 _d13900 |
||